000 00422nam a22001697a 4500
005 20160430121741.0
008 160430b xxu||||| |||| 00| 0 eng d
020 _a81-7829-140-1
041 _aeng
082 _b1071
100 _aRajan Nalini
_9342
245 _aDemocracy and the limits of minority rights.
260 _aNew Delhi
_bSage Publication,
_c2002
300 _a235
650 _aManagement
_9241
942 _cBK
999 _c395
_d395